[Event "Veneto Province-ch qf 82nd"]
[Site "Ceregnano"]
[Date "2023.05.26"]
[Round "1.9"]
[White "Fantinati, Giulio"]
[Black "Ballarin, Gabriele"]
[Result "0-1"]
[WhiteElo "1378"]
[BlackElo "1760"]
[PlyCount "76"]
[EventDate "2023.05.26"]
[EventType "swiss"]
[EventRounds "5"]
[EventCountry "ITA"]
[SourceTitle "EXT 2024"]
[Source "ChessBase"]
[SourceDate "2023.10.10"]
[SourceVersion "1"]
[SourceVersionDate "2023.10.10"]
[SourceQuality "1"]

1. e4 d6 2. Nf3 Nd7 3. d4 Ngf6 4. Nc3 e5 5. Bc4 Be7 6. 0-0 c6 7. Re1 Qc7 8. a4 h6 9. h3 g5 10. Nh2 Nf8 11. dxe5 dxe5 12. Ng4 Bxg4 13. hxg4 Rd8 14. Qe2 Ng6 15. g3 Bc5 16. Be3 Bxe3 17. Qxe3 Nxg4 18. Qf3 h5 19. Rad1 Rd4 20. Bb3 Kf8 21. Qf5 Qe7 22. Ne2 Rxd1 23. Rxd1 Qf6 24. Qxf6 Nxf6 25. Kg2 Ke7 26. f3 h4 27. Rh1 Rd8 28. Kf2 Nd7 29. Ke3 Nc5 30. f4 gxf4+ 31. gxf4 exf4+ 32. Nxf4 Nxf4 33. Kxf4 Rd4 34. Re1 h3 35. Kg3 Nxb3 36. cxb3 Rd3+ 37. Kh2 Rxb3 38. Re2 f6 0-1

[Event "Campalto CIS 54th Serie C12"]
[Site "Campalto"]
[Date "2023.05.21"]
[Round "5.4"]
[White "Gazzato, Nicolo"]
[Black "Ballarin, Gabriele"]
[Result "1/2-1/2"]
[WhiteElo "1450"]
[BlackElo "1760"]
[PlyCount "219"]
[EventDate "2023.05.19"]
[EventType "team-tourn"]
[EventRounds "5"]
[EventCountry "ITA"]
[SourceTitle "EXT 2024"]
[Source "ChessBase"]
[SourceDate "2023.10.10"]
[SourceVersion "1"]
[SourceVersionDate "2023.10.10"]
[SourceQuality "1"]
[WhiteTeam "Mestre Capa Boys II"]
[BlackTeam "Venice Canal"]
[WhiteTeamCountry "ITA"]
[BlackTeamCountry "ITA"]

1. e4 c5 2. Nf3 a6 3. c3 g6 4. d4 cxd4 5. cxd4 d5 6. e5 Bg4 7. Nc3 e6 8. Bd3 Nc6 9. Be3 Nge7 10. 0-0 b5 11. a3 Qb6 12. a4 b4 13. a5 Bxf3 14. axb6 Bxd1 15. Nxd1 a5 16. Bb5 Kd7 17. b7 Rb8 18. Rxa5 Rxb7 19. b3 Kc7 20. Bxc6 Nxc6 21. Ra1 Be7 22. Nb2 Ra7 23. Rxa7+ Nxa7 24. Rc1+ Kb7 25. Nd3 Rc8 26. Rxc8 Kxc8 27. Bc1 Nc6 28. Bb2 Kb7 29. Kf1 Kb6 30. g3 Kb5 31. Ke2 Bg5 32. f4 Be7 33. h4 Na5 34. Nc1 h5 35. Kd2 Bd8 36. Kd3 Nc6 37. Ne2 Ne7 38. Bc1 Nf5 39. Be3 Nh6 40. Ng1 Ng4 41. Nf3 Be7 42. Bg1 Nh6 43. Bf2 Nf5 44. Be1 Ng7 45. Bf2 Ne8 46. Nd2 Nc7 47. Kc2 Ka5 48. Nb1 Nb5 49. Be3 Na3+ 50. Kb2 Nb5 51. Kc2 Bd8 52. Kd3 Bb6 53. Bf2 Na7 54. Nd2 Bd8 55. Be3 Be7 56. Bf2 Nc6 57. Nf3 Kb5 58. Be3 Na5 59. Kc2 Kc6 60. Bd2 Kd7 61. Ne1 Nc6 62. Be3 Ke8 63. Nf3 Kf8 64. Bf2 Kg7 65. Be3 f6 66. Kb2 Bf8 67. Kc2 Ne7 68. Bf2 Nf5 69. Kd3 Be7 70. Ke2 Kf7 71. Kd3 Bf8 72. Ke2 Be7 73. Kd3 Bd8 74. Ke2 Bc7 75. Kd3 Ne7 76. Kc2 Nc6 77. Be3 Bd8 78. Kd3 Be7 79. Kc2 f5 80. Bc1 Ke8 81. Bb2 Kd7 82. Ba1 Nd8 83. Bb2 Kc6 84. Bc1 Kb5 85. Be3 Nf7 86. Kd3 Nh6 87. Nh2 Nf7 88. Nf3 Bf8 89. Ng5 Nd8 90. Nf3 Bh6 91. Kc2 Nc6 92. Ne1 Bf8 93. Nf3 Be7 94. Bf2 Ka5 95. Be3 Na7 96. Nd2 Nb5 97. Nb1 Bd8 98. Nd2 Nc3 99. Nf1 Ne4 100. Bg1 Be7 101. Be3 Kb5 102. Bg1 Bd8 103. Be3 Kc6 104. Bg1 Kd7 105. Be3 Ke8 106. Bg1 Be7 107. Be3 Kf7 108. Kd3 Kg7 109. Bg1 Kh6 110. Be3 1/2-1/2

[Event "Campalto CIS 54th Serie C12"]
[Site "Campalto"]
[Date "2023.05.20"]
[Round "2.3"]
[White "Cesaro, Giuliano"]
[Black "Ballarin, Gabriele"]
[Result "1-0"]
[WhiteElo "1848"]
[BlackElo "1760"]
[PlyCount "81"]
[EventDate "2023.05.19"]
[EventType "team-tourn"]
[EventRounds "5"]
[EventCountry "ITA"]
[SourceTitle "EXT 2024"]
[Source "ChessBase"]
[SourceDate "2023.10.10"]
[SourceVersion "1"]
[SourceVersionDate "2023.10.10"]
[SourceQuality "1"]
[WhiteTeam "Campalto Zichichi"]
[BlackTeam "Venice Canal"]
[WhiteTeamCountry "ITA"]
[BlackTeamCountry "ITA"]

1. d4 d6 2. Nf3 Nf6 3. c4 Nbd7 4. Nc3 e5 5. e4 Be7 6. Be2 a5 7. 0-0 0-0 8. Qc2 c6 9. Rd1 Qc7 10. Bg5 Re8 11. Rac1 Bf8 12. dxe5 dxe5 13. Rd2 Nc5 14. Rcd1 Nfd7 15. h3 Ne6 16. Be3 f6 17. Nh4 g6 18. Bg4 Kf7 19. Nf5 h5 20. Nh6+ Bxh6 21. Bxe6+ Rxe6 22. Bxh6 g5 23. Nd5 Qd8 24. Ne3 Qc7 25. Nf5 Nc5 26. Rd8 Nd7 27. R1xd7+ Bxd7 28. Rxa8 Bc8 29. c5 Kg6 30. Bf8 Re8 31. Bd6 Qf7 32. Rxc8 Rxc8 33. Ne7+ Kh7 34. Nxc8 Qxa2 35. Qe2 Qb1+ 36. Kh2 Kg6 37. Ne7+ Kh6 38. Qf3 Kg7 39. Qf5 Kf7 40. Qh7+ Ke6 41. Qg8+ 1-0

[Event "Campalto CIS 54th Serie C12"]
[Site "Campalto"]
[Date "2023.05.19"]
[Round "1.3"]
[White "Ballarin, Gabriele"]
[Black "Krutil, Ladislav"]
[Result "1-0"]
[WhiteElo "1760"]
[BlackElo "1451"]
[PlyCount "60"]
[EventDate "2023.05.19"]
[EventType "team-tourn"]
[EventRounds "5"]
[EventCountry "ITA"]
[SourceTitle "EXT 2024"]
[Source "ChessBase"]
[SourceDate "2023.10.10"]
[SourceVersion "1"]
[SourceVersionDate "2023.10.10"]
[SourceQuality "1"]
[WhiteTeam "Venice Canal"]
[BlackTeam "Valpolicella Monday"]
[WhiteTeamCountry "ITA"]
[BlackTeamCountry "ITA"]

1. e4 c6 2. d4 d5 3. exd5 cxd5 4. Bd3 Nf6 5. h3 Nc6 6. c3 e5 7. dxe5 Nxe5 8. Bc2 Bd7 9. Nf3 Bd6 10. 0-0 0-0 11. Be3 Nc4 12. Bc1 Re8 13. Nd4 Qc8 14. b3 Ne5 15. f4 Bxh3 16. fxe5 Rxe5 17. Bf4 Rh5 18. Qe2 Bxf4 19. Rxf4 Qc7 20. Rxf6 Qg3 21. Rf3 Qg5 22. Nd2 Bg4 23. Qe3 Qh4 24. Nf1 Bd7 25. Re1 Qh1+ 26. Kf2 Qh4+ 27. Ng3 Rg5 28. Rh1 Qg4 29. Bxh7+ Kf8 30. Bf5 Qxg3+ 1-0

[Event "Treviso op-A 4th"]
[Site "Treviso"]
[Date "2023.04.01"]
[Round "3"]
[White "Ballarin, Gabriele"]
[Black "Salerno, Christian1111"]
[Result "0-1"]
[WhiteElo "1798"]
[BlackElo "1725"]
[PlyCount "127"]
[EventDate "2023.03.31"]
[EventType "swiss"]
[EventRounds "5"]
[EventCountry "ITA"]
[SourceTitle "EXT 2024"]
[Source "ChessBase"]
[SourceDate "2023.10.10"]
[SourceVersion "1"]
[SourceVersionDate "2023.10.10"]
[SourceQuality "1"]

1. e4 e5 2. Nf3 Nf6 3. d3 Nc6 4. Nbd2 d5 5. c3 Be7 6. Be2 0-0 7. Qc2 Re8 8. a4 a5 9. Nf1 Bf8 10. h3 g6 11. g4 Bg7 12. Ng3 Be6 13. Bd2 Rb8 14. Qc1 Qe7 15. Ng5 Bd7 16. Kf1 b6 17. Bd1 Nd8 18. Bb3 c6 19. Nf3 dxe4 20. dxe4 Be6 21. Bc2 Bc4+ 22. Kg2 Qc7 23. b3 Ba6 24. Rd1 Ne6 25. Be3 Nd7 26. Qd2 Ndf8 27. Qd6 Qb7 28. Qd2 Rbd8 29. Qe1 Nf4+ 30. Kh2 N8e6 31. Rxd8 Rxd8 32. Rd1 Qc7 33. Rxd8+ Qxd8 34. Qd2 Qc7 35. Bd1 Bh8 36. Be2 Nxe2 37. Nxe2 Bb7 38. b4 c5 39. Ng3 Bg7 40. b5 f6 41. Qc2 Kf8 42. Nd2 Ba8 43. Nc4 Nd8 44. Qd2 Ke7 45. f3 Bf8 46. h4 Kf7 47. Bh6 Ne6 48. Bxf8 Nxf8 49. Qd6 Qxd6 50. Nxd6+ Ke6 51. Nc8 Nd7 52. h5 Bb7 53. Na7 c4 54. hxg6 hxg6 55. Kh3 Nc5 56. g5 fxg5 57. Kg4 Nxa4 58. Ne2 Nb2 59. Kxg5 a4 60. Nc6 Bxc6 61. bxc6 Nd3 62. Nc1 Nxc1 63. f4 exf4 64. Kxf4 0-1

[Event "Veneto-ch qf 80th"]
[Site "Sottomarina"]
[Date "2021.06.05"]
[Round "3.13"]
[White "Ballarin, Gabriele"]
[Black "Roveroni, Silvia"]
[Result "1-0"]
[WhiteElo "1831"]
[BlackElo "999"]
[PlyCount "67"]
[EventDate "2021.06.04"]
[EventType "swiss"]
[EventRounds "5"]
[EventCountry "ITA"]
[SourceTitle "EXT 2024"]
[Source "ChessBase"]
[SourceDate "2023.10.10"]
[SourceVersion "1"]
[SourceVersionDate "2023.10.10"]
[SourceQuality "1"]

1. e4 e5 2. Nf3 Nc6 3. Bc4 Bc5 4. c3 Qf6 5. d3 d6 6. Nbd2 h6 7. a4 a5 8. h3 Nge7 9. Nf1 Bd7 10. Ne3 0-0-0 11. Bd2 g5 12. g4 Na7 13. b4 Bb6 14. Ke2 Qg7 15. Qb3 Be8 16. Rhb1 h5 17. bxa5 hxg4 18. hxg4 Bd7 19. axb6 cxb6 20. Qxb6 Bc6 21. Qxa7 Ng6 22. Nf5 Qh7 23. Rh1 Nh4 24. Nxg5 Qg6 25. Ne7+ Kd7 26. Nxg6 fxg6 27. Bb5 Rhf8 28. Bxc6+ Kxc6 29. Rxh4 Rf6 30. Be3 Rdf8 31. Qb6+ Kd7 32. Rh7+ Ke8 33. Qb5+ Kd8 34. Qd7# 1-0

[Event "Mogliano Veneto op 42nd"]
[Site "Mogliano Veneto"]
[Date "2021.04.25"]
[Round "4"]
[White "Ballarin, Gabriele"]
[Black "Basso, Pier Luigi"]
[Result "0-1"]
[WhiteElo "1827"]
[BlackElo "2552"]
[PlyCount "60"]
[EventDate "2021.04.23"]
[EventType "swiss"]
[EventRounds "5"]
[EventCountry "ITA"]
[SourceTitle "EXT 2023"]
[Source "ChessBase"]
[SourceDate "2022.10.05"]
[SourceVersion "1"]
[SourceVersionDate "2022.10.05"]
[SourceQuality "1"]

1. e4 e5 2. Nf3 Nc6 3. Bc4 Bc5 4. c3 Nf6 5. d3 0-0 6. Bb3 h6 7. Nbd2 d6 8. h3 Be6 9. g4 Nh7 10. Nf1 d5 11. Qe2 a5 12. Ng3 a4 13. Bc2 b5 14. Nf5 dxe4 15. dxe4 Bc4 16. Qd1 Qxd1+ 17. Bxd1 Bd3 18. Ng3 Nf6 19. Nd2 b4 20. Be2 Rfd8 21. f3 a3 22. Ndf1 axb2 23. Bxb2 bxc3 24. Bxc3 Nb4 25. Bd1 Bc4 26. Bxb4 Bxb4+ 27. Kf2 Rxd1 28. Rxd1 Rxa2+ 29. Ne2 Rxe2+ 30. Kg3 Be1+ 0-1

[Event "Mogliano Veneto op 42nd"]
[Site "Mogliano Veneto"]
[Date "2021.04.24"]
[Round "2"]
[White "Silini, Riccardo"]
[Black "Ballarin, Gabriele"]
[Result "0-1"]
[WhiteElo "1560"]
[BlackElo "1827"]
[PlyCount "78"]
[EventDate "2021.04.23"]
[EventType "swiss"]
[EventRounds "5"]
[EventCountry "ITA"]
[SourceTitle "EXT 2023"]
[Source "ChessBase"]
[SourceDate "2022.10.05"]
[SourceVersion "1"]
[SourceVersionDate "2022.10.05"]
[SourceQuality "1"]

1. Nf3 d6 2. d4 Nd7 3. e4 e5 4. dxe5 dxe5 5. Bc4 Be7 6. 0-0 Ngf6 7. Re1 c6 8. a3 Qc7 9. Nc3 a5 10. Bg5 h6 11. Bh4 0-0 12. Bg3 Re8 13. h3 Bf8 14. Qe2 a4 15. Red1 g6 16. Nh4 Kg7 17. Qe3 Bc5 18. Qe2 b5 19. Bd3 Nf8 20. Nf3 Nh5 21. Bh2 f6 22. Na2 Ne6 23. c4 Nhf4 24. Bxf4 Nxf4 25. Qc2 Qb6 26. cxb5 cxb5 27. Rac1 Be7 28. Nc3 Bd7 29. Nd5 Nxd5 30. exd5 Rec8 31. Qe2 Bd6 32. Rc2 Rxc2 33. Bxc2 b4 34. axb4 Qxb4 35. Rb1 Ra5 36. Qd3 f5 37. Nd2 Rc5 38. f3 Bb5 39. Qe3 Rxc2 0-1

[Event "Chioggia op-B 14th"]
[Site "Chioggia"]
[Date "2019.10.06"]
[Round "5"]
[White "Belloni, Umberto"]
[Black "Ballarin, Gabriele"]
[Result "1/2-1/2"]
[WhiteElo "1630"]
[BlackElo "1801"]
[PlyCount "112"]
[EventDate "2019.10.04"]
[EventType "swiss"]
[EventRounds "5"]
[EventCountry "ITA"]
[SourceTitle "EXT 2022"]
[Source "ChessBase"]
[SourceDate "2021.10.06"]
[SourceVersion "1"]
[SourceVersionDate "2021.10.06"]
[SourceQuality "1"]

1. d4 d6 2. Bg5 h6 3. Bh4 g5 4. Bg3 Bg7 5. Qd3 Nd7 6. h4 g4 7. f4 c5 8. Bf2 Qb6 9. b3 cxd4 10. c3 Nc5 11. Qc2 dxc3 12. e4 Qb4 13. Bc4 Qb6 14. Ne2 Qc7 15. Nbxc3 Bd7 16. Bd4 e5 17. fxe5 dxe5 18. Nd5 Qd6 19. Bxc5 Qxc5 20. Nf6+ Ke7 21. Nxd7 Qb4+ 22. Qc3 Qxc3+ 23. Nxc3 Kxd7 24. Bxf7 Nf6 25. Bg6 Rad8 26. 0-0 Kc8 27. Rad1 a6 28. g3 Kc7 29. Bf7 Rxd1 30. Rxd1 Rd8 31. Rxd8 Kxd8 32. Nd5 Nxe4 33. Kg2 Kd7 34. Bh5 Kd6 35. Ne3 Kc5 36. Nc2 Nf6 37. Bg6 b5 38. Kf2 a5 39. Ke2 Nd5 40. Kd3 b4 41. Ne3 Nc3 42. Nc4 Nxa2 43. Nxa5 Nc3 44. Be4 Bf6 45. Nb7+ Kb6 46. Nd6 Bg7 47. Bf5 Kc6 48. Ne4 Nxe4 49. Kxe4 Kd6 50. Bxg4 Ke7 51. Kf5 Kd6 52. Bf3 Bf8 53. g4 Bg7 54. g5 hxg5 55. hxg5 Kc5 56. Ke4 Bh8 1/2-1/2

[Event "Chioggia op-B 14th"]
[Site "Chioggia"]
[Date "2019.10.05"]
[Round "2"]
[White "Ballarin, Gabriele"]
[Black "Berti, Beniamino"]
[Result "1-0"]
[WhiteElo "1801"]
[BlackElo "1545"]
[PlyCount "111"]
[EventDate "2019.10.04"]
[EventType "swiss"]
[EventRounds "5"]
[EventCountry "ITA"]
[SourceTitle "EXT 2022"]
[Source "ChessBase"]
[SourceDate "2021.10.06"]
[SourceVersion "1"]
[SourceVersionDate "2021.10.06"]
[SourceQuality "1"]

1. e4 e5 2. Bc4 Nf6 3. d3 Be7 4. Nf3 d6 5. c3 0-0 6. Bb3 Nc6 7. Nbd2 Bg4 8. Nf1 d5 9. Qe2 dxe4 10. dxe4 Nd7 11. Ne3 Bh5 12. g4 Bg6 13. Nf5 Nc5 14. Bc2 Ne6 15. h4 h5 16. Nxe7+ Qxe7 17. Ng5 hxg4 18. Qxg4 Nf4 19. h5 Bh7 20. Bxf4 exf4 21. 0-0-0 Qe5 22. Nxh7 Kxh7 23. Rd5 Qe6 24. Qxf4 Ne7 25. Rg1 Qh6 26. Rdg5 g6 27. Qxc7 Rae8 28. hxg6+ Nxg6 29. e5 Kh8 30. Bxg6 fxg6 31. Qc5 Rf5 32. f4 Rxf4 33. Rxg6 Rf1+ 34. Kc2 Qc1+ 35. Kb3 Qd1+ 36. Ka3 Rxg1 37. Rxg1 Qe2 38. Qd6 Qa6+ 39. Qxa6 bxa6 40. Re1 Kg7 41. e6 Kf6 42. e7 Rxe7 43. Rxe7 Kxe7 44. Ka4 Kd7 45. Ka5 Kc8 46. Kxa6 Kb8 47. c4 Ka8 48. b4 Kb8 49. a4 Ka8 50. c5 Kb8 51. b5 Ka8 52. a5 Kb8 53. b6 Ka8 54. c6 Kb8 55. c7+ Kc8 56. Kxa7 1-0

[Event "Ottavi Province-ch 79th"]
[Site "Mestre"]
[Date "2019.01.26"]
[Round "3"]
[White "Vianello, Viviana Sofia"]
[Black "Ballarin, Gabriele"]
[Result "1-0"]
[WhiteElo "1391"]
[BlackElo "1870"]
[PlyCount "111"]
[EventDate "2019.01.25"]
[EventType "swiss"]
[EventRounds "5"]
[EventCountry "ITA"]
[SourceTitle "EXT 2022"]
[Source "ChessBase"]
[SourceDate "2021.10.06"]
[SourceVersion "1"]
[SourceVersionDate "2021.10.06"]
[SourceQuality "1"]

1. e4 c5 2. Nf3 e6 3. d4 cxd4 4. Nxd4 Nf6 5. Nc3 Nc6 6. Be2 Bb4 7. Nxc6 bxc6 8. f3 d5 9. Bd2 Rb8 10. a3 Bd6 11. b4 Qc7 12. g3 h5 13. exd5 cxd5 14. Nb5 Bxg3+ 15. hxg3 Qxg3+ 16. Kf1 a6 17. Nc3 e5 18. Be1 Bh3+ 19. Rxh3 Qxh3+ 20. Kg1 d4 21. Bf1 Qe6 22. Na4 Nd5 23. Nc5 Qg6+ 24. Kh1 Rb6 25. Bd3 f5 26. Qe2 Qf6 27. Bxa6 g5 28. Bb5+ Ke7 29. Nd7 Qd6 30. Nxb6 Nxb6 31. Bd3 Kf6 32. Qg2 Nd5 33. Bd2 f4 34. Qh3 Ne7 35. a4 Qc6 36. Be4 Qc4 37. Bd3 Qg8 38. Qd7 g4 39. Qd6+ Qe6 40. Qxe6+ Kxe6 41. Kg2 gxf3+ 42. Kxf3 Rg8 43. Rh1 Rg5 44. b5 Kd5 45. a5 Nc8 46. Be4+ Kc5 47. b6 Nd6 48. b7 Rg3+ 49. Ke2 Nxe4 50. b8Q f3+ 51. Ke1 f2+ 52. Ke2 f1Q+ 53. Rxf1 Rg2+ 54. Kf3 Rg4 55. Qxe5+ Kc4 56. Qxe4 1-0

[Event "Chioggia op-B 13th"]
[Site "Chioggia"]
[Date "2018.09.29"]
[Round "2"]
[White "Ballarin, Gabriele"]
[Black "Mantovani, Enrico"]
[Result "1-0"]
[WhiteElo "1867"]
[BlackElo "1733"]
[PlyCount "123"]
[EventDate "2018.09.28"]
[EventType "swiss"]
[EventRounds "5"]
[EventCountry "ITA"]
[SourceTitle "EXT 2022"]
[Source "ChessBase"]
[SourceDate "2021.10.06"]
[SourceVersion "1"]
[SourceVersionDate "2021.10.06"]
[SourceQuality "1"]

1. e4 c6 2. d4 d5 3. exd5 cxd5 4. Bd3 Nf6 5. c3 Nc6 6. Bf4 Qb6 7. Qb3 g6 8. Nd2 Bg7 9. Ngf3 Be6 10. Qxb6 axb6 11. 0-0 Rc8 12. Rae1 0-0 13. h3 Rfe8 14. Re2 Bd7 15. Rfe1 e6 16. Ne5 Nxe5 17. Bxe5 Bc6 18. g3 Nd7 19. Bxg7 Kxg7 20. f4 Nf6 21. Kf2 Ra8 22. a3 Rec8 23. Re3 Ba4 24. g4 Bd7 25. Nf3 Kf8 26. Ne5 Ba4 27. Rf3 Kg7 28. Rg1 Nd7 29. f5 Nxe5 30. dxe5 exf5 31. gxf5 Re8 32. fxg6 fxg6 33. Re3 Rf8+ 34. Rf3 Rae8 35. Rxf8 Kxf8 36. Re1 Ke7 37. Ke3 Ke6 38. Kd4 Rf8 39. Rf1 Rxf1 40. Bxf1 g5 41. Be2 Bc6 42. Bg4+ Ke7 43. b3 b5 44. Kc5 h6 45. e6 Be8 46. Kxd5 h5 47. Be2 Bc6+ 48. Ke5 Bg2 49. Kf5 Bxh3+ 50. Kxg5 Bxe6 51. b4 Bg4 52. Bxb5 Kd6 53. Kf4 Bd7 54. Bxd7 Kxd7 55. a4 Kd6 56. c4 h4 57. a5 Kc6 58. Kg4 Kd6 59. Kxh4 Ke5 60. b5 Kd6 61. Kg4 Kc5 62. Kf4 1-0

[Event "Treviso Lega op-A 2nd"]
[Site "Treviso"]
[Date "2018.03.02"]
[Round "1"]
[White "Ballarin, Gabriele"]
[Black "Spada, Angelo"]
[Result "1-0"]
[WhiteElo "1875"]
[BlackElo "1754"]
[PlyCount "103"]
[EventDate "2018.03.02"]
[EventType "swiss"]
[EventRounds "5"]
[EventCountry "ITA"]
[SourceTitle "EXT 2022"]
[Source "ChessBase"]
[SourceDate "2021.10.06"]
[SourceVersion "1"]
[SourceVersionDate "2021.10.06"]
[SourceQuality "1"]

1. e4 e5 2. Nf3 Nc6 3. Bc4 Nf6 4. d3 Be7 5. c3 d6 6. Bb3 Bg4 7. Nbd2 0-0 8. Nf1 b5 9. Ne3 a5 10. h3 Bh5 11. g4 Bg6 12. Nf5 a4 13. Bc2 Re8 14. Rg1 d5 15. Qe2 d4 16. h4 b4 17. Nxe7+ Rxe7 18. h5 bxc3 19. hxg6 fxg6 20. bxc3 dxc3 21. Ba3 Re8 22. Qe3 Nd4 23. Nxd4 exd4 24. Qf3 Qd7 25. Qg3 Ra5 26. f4 Nd5 27. Rg2 Ne3 28. Rb1 c5 29. Bc1 Nxg2+ 30. Qxg2 Qe6 31. Rb3 c4 32. Ra3 cxd3 33. Bxd3 Rb8 34. Qe2 Rb4 35. Kf2 h5 36. f5 gxf5 37. gxf5 Qf7 38. e5 g6 39. f6 Kh8 40. Qe4 Kh7 41. Rxc3 dxc3 42. Qxb4 Qxa2+ 43. Kf3 Qd5+ 44. Qe4 Qxe4+ 45. Kxe4 a3 46. Bxa3 Rxa3 47. e6 Kg8 48. e7 Kf7 49. Bc4+ Kxf6 50. e8Q Ra7 51. Qf8+ Kg5 52. Qf4# 1-0

[Event "Ottavi Province-ch 78th"]
[Site "Mestre"]
[Date "2018.01.26"]
[Round "1"]
[White "Marson, Roy"]
[Black "Ballarin, Gabriele"]
[Result "0-1"]
[WhiteElo "1209"]
[BlackElo "1875"]
[PlyCount "58"]
[EventDate "2018.01.26"]
[EventType "swiss"]
[EventRounds "5"]
[EventCountry "ITA"]
[SourceTitle "EXT 2022"]
[Source "ChessBase"]
[SourceDate "2021.10.06"]
[SourceVersion "1"]
[SourceVersionDate "2021.10.06"]
[SourceQuality "1"]

1. e4 d6 2. d4 Nf6 3. Nc3 Nbd7 4. Nf3 e5 5. d5 Be7 6. Be2 h6 7. Be3 c6 8. Qd2 Ng4 9. h3 Nxe3 10. Qxe3 Nf6 11. Rd1 Qc7 12. dxc6 bxc6 13. 0-0 g5 14. g4 Be6 15. Kg2 Nh7 16. h4 Bxg4 17. hxg5 Bxf3+ 18. Qxf3 Rg8 19. Rh1 Bxg5 20. Qf5 Nf8 21. Kf1 Ne6 22. Bc4 Rg6 23. Bxe6 Rxe6 24. Qf3 Qb6 25. Rb1 Rf6 26. Qg2 Rb8 27. Nd1 Qa6+ 28. Kg1 Rg6 29. Qf3 Bf4+ 0-1

[Event "Chioggia op-B 12th"]
[Site "Chioggia"]
[Date "2017.10.06"]
[Round "1"]
[White "Ballarin, Gabriele"]
[Black "Pisani, Valerio"]
[Result "1-0"]
[WhiteElo "1868"]
[BlackElo "1663"]
[PlyCount "43"]
[EventDate "2017.10.06"]
[EventType "swiss"]
[EventRounds "5"]
[EventCountry "ITA"]
[SourceTitle "EXT 2022"]
[Source "ChessBase"]
[SourceDate "2021.10.06"]
[SourceVersion "1"]
[SourceVersionDate "2021.10.06"]
[SourceQuality "1"]

1. e4 g6 2. d4 Bg7 3. f4 d6 4. Nf3 c5 5. c3 cxd4 6. cxd4 Nf6 7. Nc3 0-0 8. Bc4 Nc6 9. h3 a6 10. a4 Qa5 11. 0-0 b5 12. axb5 Qxa1 13. bxc6 Qa5 14. e5 dxe5 15. fxe5 Ne8 16. Nd5 e6 17. Ne7+ Kh8 18. Ng5 f6 19. Nxh7 Kxh7 20. Qg4 g5 21. Qh5+ Bh6 22. Qg6+ 1-0

[Event "Venice Autumn op-A 23rd"]
[Site "Venice S Leonardo"]
[Date "2016.10.30"]
[Round "2.3"]
[White "Ballarin, Gabriele"]
[Black "Longo, Massimo"]
[Result "0-1"]
[WhiteElo "1897"]
[BlackElo "1818"]
[PlyCount "146"]
[EventDate "2016.10.29"]
[EventType "swiss"]
[EventRounds "6"]
[EventCountry "ITA"]
[SourceTitle "EXT 2023"]
[Source "ChessBase"]
[SourceDate "2022.10.05"]
[SourceVersion "1"]
[SourceVersionDate "2022.10.05"]
[SourceQuality "1"]

1. e4 e6 2. d4 d5 3. Nc3 Nf6 4. e5 Nfd7 5. f4 c5 6. Nce2 cxd4 7. Nxd4 Qb6 8. Ngf3 Bc5 9. c3 Nc6 10. b3 0-0 11. Bb2 Re8 12. Bd3 f6 13. Qe2 fxe5 14. fxe5 Qc7 15. Nb5 Qd8 16. h4 Nf8 17. Ng5 h6 18. Nf3 a6 19. Nbd4 Qc7 20. Nxc6 Qxc6 21. 0-0-0 b5 22. Kb1 Bd7 23. g4 Kf7 24. Rdf1 Ke7 25. h5 Kd8 26. g5 hxg5 27. Nd4 Qb6 28. Rf7 b4 29. Nf3 bxc3 30. Bxc3 a5 31. Bd2 a4 32. Bxg5+ Kc7 33. Qc2 axb3 34. axb3 Ra3 35. Nd4 Rea8 36. Nb5+ Qxb5 37. Bxb5 Ra1+ 38. Kb2 R8a2+ 39. Kc3 Rxc2+ 40. Kxc2 Rxh1 41. Be2 Rh2 42. Kd1 Nh7 43. Bd2 Kc6 44. Rxg7 Nf8 45. b4 Bd4 46. Rf7 Rf2 47. Rxf2 Bxf2 48. Bd3 Be8 49. h6 Bg6 50. Be2 Bd4 51. Bf4 Bf5 52. Kd2 Kd7 53. Bb5+ Kc7 54. Be8 Kd8 55. Bh5 Nd7 56. Bf7 Nxe5 57. Bg5+ Kd7 58. Bh5 Nc4+ 59. Ke2 Nd6 60. Bd2 Kc6 61. Kf3 Nc4 62. Bg5 Ne5+ 63. Kg3 Nd3 64. Bd2 Bf2+ 65. Kf3 Bd4 66. Be8+ Kd6 67. Kg3 Bf6 68. Bb5 Ne5 69. Bf4 d4 70. Kf2 Kd5 71. Ke1 Nd3+ 72. Bxd3 Bxd3 73. Kd2 Bf5 0-1